| 000 -ლიდერი |
| ფიქსირებული სიგრძის საკონტროლო ველი |
02040nam a22002777a 4500 |
| 003 - საკონტროლო ნომრის იდენტიფიკატორი |
| საკონტროლო ველი |
Ge_BSU |
| 005 - ბოლო ოპერაციის თარიღი და დრო |
| საკონტროლო ველი |
20250616112900.0 |
| 008 - ფიქსირებული სიგრძის მონაცემთა ელემენტები - ზოგადი ინფორმაცია |
| ფიქსირებული სიგრძის საკონტროლო ველი |
250616s2024 ge ||||| |||| 00| 0 geo d |
| 020 ## - წიგნის საერთაშორისო სტანდარტული ნომერი |
| International Standard Book Number |
9789941864643 |
| 041 ## - ენის კოდი |
| Language code of text/sound track or separate title |
geo |
| 080 ## - უნივერსალური ათობითი კლასიფიკაციის ინდექსი |
| Universal Decimal Classification number |
631.52 ბ-95 |
| 100 ## - მთავარი ჩანაწერი - პიროვნების სახელი |
| Personal name |
ბუკია, ზურაბ |
| 9 (RLIN) |
25426 |
| 245 ## - ცნობა სათაურის შესახებ |
| Title |
მცენარის სელექციური ჯიში - |
| Remainder of title |
სასურსათო და სამედიცინო უსაფრთხოების ერთ-ერთი გარანტი / |
| Statement of responsibility, etc |
ზურაბ ბუკია, ციცინო ათამაშვილი; რედაქტორი გურამ ალექსიძე; მხატვარი ნინო ხმალაძე; თსუ-ს ალ. ნათიშვილის მორფოლოგიის ინსტიტუტი. |
| 264 ## - წარმოების, გამოცემის, დისტრიბუციის და სხვა ცნობები |
| გამოცემის, წარმოების, დისტრიბუციის... ადგილი |
თბილისი, |
| გამოცემის, წარმოების, დისტრიბუციის... თარიღი |
2024. |
| 300 ## - ფიზიკური აღწერა |
| Extent |
512 გვ. : |
| Other physical details |
ცხრ. ; |
| Dimensions |
21 სმ. |
| 500 ## - ზოგადი შენიშვნა |
| General note |
წიგნი გამოცემულია სსიპ აფხაზეთიდან იძულებით გადაადგილებულ პირთა - დევნილთა მომსახურების სააგენტოს ფინანსური მხარდაჭერით. |
| 504 ## - BIBLIOGRAPHY, ETC. NOTE |
| Bibliography, etc |
ბიბლიოგრ.: გვ. 497-505. |
| 520 ## - SUMMARY, ETC. |
| Summary, etc |
რეზ. რუს. და ინგლ. ენებზე. |
| 653 ## - INDEX TERM--UNCONTROLLED |
| Uncontrolled term |
მცენარეთა სელექცია |
| 653 ## - INDEX TERM--UNCONTROLLED |
| Uncontrolled term |
მცენარეთა გენეტიკა |
| 700 ## - ADDED ENTRY--PERSONAL NAME |
| Personal name |
ათამაშვილი, ციცინო |
| Relator term |
ავტორი |
| 9 (RLIN) |
25427 |
| 700 ## - ADDED ENTRY--PERSONAL NAME |
| Personal name |
ალექსიძე, გურამ |
| Relator term |
რედაქტორი |
| 9 (RLIN) |
7983 |
| 700 ## - ADDED ENTRY--PERSONAL NAME |
| Personal name |
ხმალაძე, ნინო |
| Relator term |
მხატვარი |
| 9 (RLIN) |
6186 |
| 710 ## - ADDED ENTRY--CORPORATE NAME |
| Corporate name or jurisdiction name as entry element |
თსუ. |
| Subordinate unit |
ალ. ნათიშვილის მორფოლოგიის ინსტიტუტი. |
| 9 (RLIN) |
25428 |
| 942 ## - ADDED ENTRY ELEMENTS (KOHA) |
| Source of classification or shelving scheme |
|
| Koha item type |
წიგნი |